=LDR 00000nam 2200000 4500 =001 INLIS000000000017361 =005 20130612112549 =008 ***********************************Ind** =035 ##$$0010-061300000017361 =041 ##$$a Ind =082 ##$$a 615.5 =090 ##$$a 615.5, Adi s =100 ##$$a Adityarini, Dini =245 ##$$a Segala sesuatu yang perlu anda ketahui, alih bahasa Dini Adityarini =260 ##$$a 1996 $b Jakarta =300 ##$$a 2 jil, ilus, 23 cm =650 ##$$a Terapi, kesehatan =850 ##$$a NBPNMAT